Korespondenční seminář z programování : ... ročník - ...

Korporativní autor: Univerzita Karlova. Matematicko-fyzikální fakulta. Korespondenční seminář z programování
Další autoři: Univerzita Karlova. Matematicko-fyzikální fakulta
Jazyk: Slovenština
Čeština
Vydáno: Praha : Matfyzpress, [1987]-
Témata:
Fyzický popis: ^^^svazků ; 21 cm
Odebírané svazky: 1988-1998, 1995-1996, 17(2004/2005)-
Language note: V některých ročnících částečně slovenský text
Noviny a časopisy
Uloženo v:
LEADER 05145nas a2200949 i 4500
001 nkc20061645920
003 CZ PrNK
005 20210309134737.0
007 ta
008 060307c19879999xr ar 0 b0cze
015 |a cnb001645920 
035 |a (OCoLC)83979412 
040 |a ABA001  |b cze  |d OLA001  |d BOA001  |e rda 
041 0 |a cze  |a slo 
043 |a e-xr--- 
072 7 |a 004.4/.6  |x Programování. Software  |2 Konspekt  |9 23 
080 |a 004.42  |2 MRF 
080 |a 007+004  |2 MRF 
080 |a 37.091.33  |2 MRF 
080 |a (437.3)  |2 MRF 
080 |a (076.1/.3)  |2 MRF 
080 |a (058)  |2 MRF 
110 2 |a Univerzita Karlova.  |b Matematicko-fyzikální fakulta.  |b Korespondenční seminář z programování  |7 kn20080206004  |4 aut 
245 1 0 |a Korespondenční seminář z programování :  |b ... ročník - ... 
246 3 |a KSP 
264 1 |a Praha :  |b Matfyzpress,  |c [1987]- 
300 |a ^^^svazků ;  |c 21 cm 
310 |a 1x ročně 
336 |a text  |b txt  |2 rdacontent 
337 |a bez média  |b n  |2 rdamedia 
338 |a svazek  |b nc  |2 rdacarrier 
500 |a Součástí podnázvu je římská řadová číslovka a označení akademického roku 
500 |a Jednotlivé svazky mají ISBN 
546 |a V některých ročnících částečně slovenský text 
541 |c pv-r 
550 |a Vydavatel: Univerzita Karlova, Matematicko-fyzikální fakulta 
588 |a Popsáno podle: ročník XVII. (2004/2005)  |5 CZ-PrNK 
650 0 7 |a programování  |7 ph115891  |x úlohy  |2 czenas 
650 0 7 |a informatika  |7 ph137095  |x úlohy  |2 czenas 
650 0 7 |a soutěže  |7 ph125880  |z Česko  |2 czenas 
650 0 9 |a programming  |x problems, exercises, etc.  |2 eczenas 
650 0 9 |a informatics  |x problems, exercises, etc.  |2 eczenas 
650 0 9 |a contests  |z Czechia  |2 eczenas 
655 7 |a sbírky úloh  |7 fd132056  |2 czenas 
655 7 |a ročenky  |7 fd133307  |2 czenas 
655 9 |a examinations, questions, etc  |2 eczenas 
655 9 |a yearbooks  |2 eczenas 
710 2 |a Univerzita Karlova.  |b Matematicko-fyzikální fakulta  |7 kn20010710349  |4 orm 
902 |a 80-85863-15-4  |q (8 ;  |q brožováno) 
902 |a 80-86732-64-9  |q (17 ;  |q brožováno) 
902 |a 80-86732-91-6  |q (18 ;  |q brožováno) 
902 |a 978-80-7378-021-0  |q (19 ;  |q brožováno) 
902 |a 978-80-7378-055-5  |q (20 ;  |q brožováno) 
902 |a 978-80-7378-099-9  |q (20 ;  |q brožováno) 
902 |a 978-80-7378-099-9  |q (21 ;  |q brožováno) 
902 |a 978-80-7378-124-8  |q (22 ;  |q brožováno) 
902 |a 978-80-7378-195-8  |q (23 ;  |q brožováno) 
902 |a 978-80-7378-227-6  |q (24 ;  |q brožováno) 
902 |a 978-80-7378-247-4  |q (25 ;  |q brožováno) 
902 |a 978-80-7378-273-3  |q (26 ;  |q brožováno) 
902 |a 978-80-7378-306-8  |q (27 ;  |q brožováno) 
902 |a 978-80-7378-330-3  |q (28 ;  |q brožováno) 
902 |a 978-80-7378-355-6  |q (29 ;  |q brožováno) 
910 2 |a BOA001  |b 00132-1028.004  |s 1988-1998, 1995-1996, 17(2004/2005)- 
920 |a 000120658 
990 |a SE 
995 |a 01 
996 6 |b 2610045862  |c 00132-1028.004  |d 1995-96  |y 1995-1996  |l MZK  |r Sklad / do 1 hodiny  |n 2  |p p.v.  |w 000120658  |u 000010  |a 1  |e BOA001  |j MZK50  |s P 
996 6 |b 2610083411  |c 00132-1028.004  |d 1988-98  |y 1988,1989,1990,1991,  |l MZK  |r Sklad / do 1 hodiny  |n 0  |w 000120658  |u 000030  |a 1  |e BOA001  |j MZK50  |s P 
996 6 |b 2610269822  |c 00132-1028.004  |d 2004-05 17  |v 17  |y 2004-2005  |l MZK  |r Sklad / do 1 hodiny  |n 0  |p p.v.  |w 000120658  |u 000020  |a 1  |e BOA001  |j MZK50  |s P 
996 6 |b 2610309983  |c 00132-1028.004  |d 2005-06 18  |v 18  |y 2005-2006  |l MZK  |r Sklad / do 1 hodiny  |n 0  |p p.v.  |w 000120658  |u 000040  |a 1  |e BOA001  |j MZK50  |s P 
996 6 |b 2610328773  |c 00132-1028.004  |d 2006-07 19  |v 19  |y 2006-2007  |l MZK  |r Sklad / do 1 hodiny  |n 0  |p p.v.  |w 000120658  |u 000050  |a 1  |e BOA001  |j MZK50  |s P 
996 6 |b 2610386877  |c 00132-1028.004  |d 2007-08 20  |v 20  |y 2007-2008  |l MZK  |r Sklad / do 1 hodiny  |n 0  |p p.v.  |w 000120658  |u 000060  |a 1  |e BOA001  |j MZK50  |s P 
996 6 |b 2610411864  |c 00132-1028.004  |d 2008-09 21  |v 21  |y 2008-2009  |l MZK  |r Sklad / do 1 hodiny  |n 0  |p p.v.  |w 000120658  |u 000070  |a 1  |e BOA001  |j MZK50  |s P 
996 6 |b 2610461126  |c 00132-1028.004  |d 2009-10 22  |v 22  |y 2009-2010  |l MZK  |r Sklad / do 1 hodiny  |n 0  |p p.v.  |w 000120658  |u 000080  |a 1  |e BOA001  |j MZK50  |s P 
996 6 |b 2610539330  |c 00132-1028.004  |d 2010-11 23  |v 23  |y 2010-2011  |l MZK  |r Sklad / do 1 hodiny  |n 0  |p p.v.  |w 000120658  |u 000090  |a 1  |e BOA001  |j MZK50  |s P 
996 6 |b 2610539331  |c 00132-1028.004  |d 2011-12 24  |v 24  |y 2011-2012  |l MZK  |r Sklad / do 1 hodiny  |n 0  |p p.v.  |w 000120658  |u 000100  |a 1  |e BOA001  |j MZK50  |s P 
996 6 |b 2610578620  |c 00132-1028.004  |d 2012-13 25  |v 25  |y 2012-2013  |l MZK  |r Sklad / do 1 hodiny  |n 0  |p p.v.  |w 000120658  |u 000110  |a 1  |e BOA001  |j MZK50  |s P 
996 6 |b 2610615412  |c 00132-1028.004  |d 2013-14 26  |v 26  |y 2013-2014  |l MZK  |r Sklad / do 1 hodiny  |n 0  |p p.v.  |w 000120658  |u 000120  |a 1  |e BOA001  |j MZK50  |s P 
996 6 |b 2610662481  |c 00132-1028.004  |d 2014-15 27  |v 27  |y 2014-2015  |l MZK  |r Sklad / do 1 hodiny  |n 0  |p p.v.  |w 000120658  |u 000130  |a 1  |e BOA001  |j MZK50  |s P 
996 6 |b 2610691131  |c 00132-1028.004  |d 2015-16 28  |v 28  |y 2015-2016  |l MZK  |r Sklad / do 1 hodiny  |n 0  |p p.v.  |w 000120658  |u 000140  |a 1  |e BOA001  |j MZK50  |s P 
996 6 |b 2610733794  |c 00132-1028.004  |d 2016-17 29  |v 29  |y 2016-2017  |l MZK  |r Sklad / do 1 hodiny  |n 0  |p p.v.  |w 000120658  |u 000150  |a 1  |e BOA001  |j MZK50  |s P